Ядерное значение концепта "ПОЛ" в западноевропейской картине мира; The scientific heritage; № 4 (4)
| Parent link: | The scientific heritage.— , 2016- № 4 (4).— 2016.— [С. 77-79] |
|---|---|
| Κύριος συγγραφέας: | |
| Συγγραφή απο Οργανισμό/Αρχή: | |
| Άλλοι συγγραφείς: | |
| Περίληψη: | Заглавие с экрана На базе немецкого языка и в рамках ассоциативного эксперимента изучается специфика существования концепта «ПОЛ» в западноевропейской картине мира. On the basis of the German language and under association experiment, studied the specifics of the existenceof the concept "GENDER" in the west-european worldview. |
| Γλώσσα: | Ρωσικά |
| Έκδοση: |
2016
|
| Θέματα: | |
| Διαθέσιμο Online: | http://tsh-journal.com/wp-content/uploads/2016/10/VOL-1-No-4-4-2016.pdf#page=77 |
| Μορφή: | MixedMaterials Ηλεκτρονική πηγή Κεφάλαιο βιβλίου |
| KOHA link: | https://koha.lib.tpu.ru/cgi-bin/koha/opac-detail.pl?biblionumber=654121 |
MARC
| LEADER | 00000naa0a2200000 4500 | ||
|---|---|---|---|
| 001 | 654121 | ||
| 005 | 20250910144326.0 | ||
| 035 | |a (RuTPU)RU\TPU\network\19641 | ||
| 035 | |a RU\TPU\network\18828 | ||
| 090 | |a 654121 | ||
| 100 | |a 20170411d2016 k||y0rusy50 ba | ||
| 101 | 0 | |a rus | |
| 102 | |a HU | ||
| 135 | |a drcn ---uucaa | ||
| 181 | 0 | |a i | |
| 182 | 0 | |a b | |
| 200 | 1 | |a Ядерное значение концепта "ПОЛ" в западноевропейской картине мира |d Core of meaning the concept 'gender' in in the west-european worldview |f С. А. Пилипенко, Т. С. Моцук | |
| 203 | |a Текст |c электронный | ||
| 300 | |a Заглавие с экрана | ||
| 320 | |a [Библиогр.: с. 79 (4 назв.)] | ||
| 330 | |a На базе немецкого языка и в рамках ассоциативного эксперимента изучается специфика существования концепта «ПОЛ» в западноевропейской картине мира. | ||
| 330 | |a On the basis of the German language and under association experiment, studied the specifics of the existenceof the concept "GENDER" in the west-european worldview. | ||
| 461 | 1 | |t The scientific heritage |d 2016- | |
| 463 | 1 | |t № 4 (4) |v [С. 77-79] |d 2016 | |
| 510 | 1 | |a Core of meaning the concept 'gender' in in the west-european worldview |z eng | |
| 610 | 1 | |a электронный ресурс | |
| 610 | 1 | |a труды учёных ТПУ | |
| 610 | 1 | |a концепт | |
| 610 | 1 | |a полевые модели | |
| 610 | 1 | |a ассоциативные эксперименты | |
| 610 | 1 | |a картина мира | |
| 700 | 1 | |a Пилипенко |b С. А. |c специалист по учебно-методической работе Томского политехнического университета |g Светлана Анатольевна |3 (RuTPU)RU\TPU\pers\26651 | |
| 701 | 1 | |a Моцук |b Т. С. |g Татьяна Сергеевна | |
| 712 | 0 | 2 | |a Национальный исследовательский Томский политехнический университет |c (2009- ) |9 26305 |
| 801 | 1 | |a RU |b 63413507 |c 20141010 | |
| 801 | 2 | |a RU |b 63413507 |c 20200827 |g RCR | |
| 850 | |a 63413507 | ||
| 856 | 4 | |u http://tsh-journal.com/wp-content/uploads/2016/10/VOL-1-No-4-4-2016.pdf#page=77 | |
| 942 | |c CF | ||